00362nam a2200133Ia 4500008004100000041000800041082001400049100001400063245005700077250001400134260005500148300000800203650001700211230711s9999||||xx |||||||||||||| ||und|| aENG a720bKN-R aKnopf,A A 0aHow to redesign and renovate your house or apartment a1st . Ed. c1991aNew DelhibAllied Publishers Private Limited a353 aArchitecture